| 000 | 01119nam a2200313 a 4500 | ||
|---|---|---|---|
| 003 | CHAP | ||
| 005 | 20220329143458.0 | ||
| 008 | 100113s1951 au a r 10000 eng d | ||
| 010 | _a97273 | ||
| 011 | _a98245 | ||
| 035 | _a108929 | ||
| 040 | _cCHAP | ||
| 082 | 0 | 4 |
_a633.6106 _bIn82 |
| 111 | 2 |
_aInternational Society of Sugar Cane Technologists ( _n7 : _d1950 : _cAustralia) _959827 |
|
| 245 | 1 | 0 |
_aProceedings of the International Society of Sugar Cane Technologists _c/ed. by C.G. Hughes |
| 260 |
_aBrisbane, Auastralia : _bCommitte of the I.S.S.C.T., _c1951 |
||
| 300 |
_axxxi, 795 p. : _bilus. |
||
| 590 |
_aBATCH-UPD _b10 _c20130110 _lUCH01 _h0921 |
||
| 590 |
_aBATCH-UPD _b10 _c20130410 _lUCH01 _h0543 |
||
| 590 |
_aBATCH-UPD _b10 _c20130914 _lUCH01 _h0837 |
||
| 590 |
_aCONVERSION _b10 _c20130109 _lUCH01 _h1354 |
||
| 650 | 1 | 4 |
_aCaña de azúcar _xCongresos. _918590 |
| 650 | 1 | 4 |
_aCaña de azúcar _xEnfermedades. _918598 |
| 650 | 1 | 4 |
_aCaña de azúcar _xPlagas. _918636 |
| 700 | 0 |
_aHughes, C. G. _956787 |
|
| 901 | _aBK | ||
| 942 | _cLIBRO | ||
| 949 |
_a633.6106 In82 _bBC _cCONG _d33724002119850 _eCONG _h111442 _i108929 _sb |
||
| 999 |
_c97273 _d97273 |
||